Química analitica cualitativa
| Main Author: | |
|---|---|
| Format: | Section = Libro |
| Language: | Undetermined Spanish |
| Published: |
España
Patria
1979
|
| Edition: | 10a.ed. |
| Subjects: |
| LEADER | 00582nam a2200217Ia 4500 | ||
|---|---|---|---|
| 008 | 240830s9999 xx 000 0 und d | ||
| 020 | |a 84-283-0927-2 | ||
| 040 | |a CEDOC FIQ-RUSB / 543 B971 | ||
| 041 | |a spa | ||
| 082 | |a 543 B971 | ||
| 100 | 1 | |a Burriel, FernandoLucena, FelipeArribas, Siro | |
| 245 | 1 | 0 | |a Química analitica cualitativa |
| 250 | |a 10a.ed. | ||
| 260 | |a España |b Patria |c 1979 | ||
| 300 | |a 620 p. :il | ||
| 650 | 7 | |a QUÍMICA ANALÍTICA | |
| 650 | 7 | |b ELEMENTOS QUÍMICOS | |
| 650 | 7 | |c COMPUESTOS INORGÁNICOS | |
| 942 | |c BK |2 ddc | ||
| 991 | |a TEXTO | ||
| 999 | |c 13716 | ||